000 00312nam a22001337a 4500
003 ASAB
005 20180827062607.0
008 160113t xxu||||| |||| 00| 0 eng d
040 _cASAB
100 _aFred N. Kerlinger
_91474
245 _aFoundations of behavioral research
300 _a739
942 _2ddc
_cBK
999 _c479945
_d479945